| 000 | 00909cam a22003017a 4500 | ||
|---|---|---|---|
| 003 | CHAP | ||
| 005 | 20220817043541.0 | ||
| 008 | 990611 1997 mx r 00010 spa d | ||
| 010 | _a78218 | ||
| 011 | _a79190 | ||
| 035 | _a89355 | ||
| 040 | _cCHAP | ||
| 090 | _aFolleto 15424 | ||
| 100 | 0 | 0 |
_aLeón Portilla, Miguel. _966176 |
| 245 | 1 | 0 |
_aPueblos originarios y globalización _c/por Miguel León Portilla |
| 260 |
_aMéxico, D.F. : _bEl Colegio Nacional, _c1997. |
||
| 300 | _a63 P. | ||
| 590 |
_aBATCH-UPD _b10 _c20130110 _lUCH01 _h1254 |
||
| 590 |
_aBATCH-UPD _b10 _c20130410 _lUCH01 _h0815 |
||
| 590 |
_aBATCH-UPD _b10 _c20130914 _lUCH01 _h1545 |
||
| 590 |
_aCONVERSION _b10 _c20130109 _lUCH01 _h1343 |
||
| 650 | 1 | 4 |
_aGlobalización. _948300 |
| 650 | 1 | 4 | _aIndios de México. |
| 901 | _aBK | ||
| 905 | _aBlanca M. García O. | ||
| 942 | _cFOLL | ||
| 949 |
_aFolleto 15424 _bBC _cFOLL _d893551 _eTS1 _i89355 _sb |
||
| 999 |
_c78218 _d78218 |
||